Estratificación social y desigualdad: el conflicto de clase en perspectiva histórica, comparada y global
Guardat en:
| Autor principal: | |
|---|---|
| Format: | Llibre |
| Idioma: | espanyol |
| Publicat: |
Madrid
McGraw Hill
2003
|
| Edició: | 2a. ed |
| Matèries: | |
| Etiquetes: |
Afegir etiqueta
Sense etiquetes, Sigues el primer a etiquetar aquest registre!
|
MARC
| LEADER | 00000nam a2200000 a 4500 | ||
|---|---|---|---|
| 001 | UCL9703 | ||
| 003 | CL-VaPUC | ||
| 008 | 040820e20030000SP |||||||||||||||||spa|d | ||
| 020 | |a 8448137930 | ||
| 082 | 0 | 4 | |a 305 |b KER |2 21 |
| 100 | |a Kerbo, Harold R |e author |9 487626 | ||
| 245 | 1 | 0 | |a Estratificación social y desigualdad: el conflicto de clase en perspectiva histórica, comparada y global |
| 250 | |a 2a. ed | ||
| 300 | |a 506 p | ||
| 942 | |c BK | ||
| 945 | |d 20040820 00:00:00 |a cmena | ||
| 260 | |a Madrid |b McGraw Hill |c 2003 | ||
| 650 | 0 | |a Sociología |9 255410 | |
| 650 | 0 | |a Estratificación social |9 337692 | |
| 650 | 7 | |a ESTRUCTURA SOCIAL |2 CL-VaPUC |9 487627 | |
| 650 | 0 | |a Sociedad |9 307903 | |
| 650 | 0 | |a Clases sociales |9 256858 | |
| 650 | 0 | |a Desigualdad social |9 349409 | |
| 650 | 0 | |a Movilidad social |9 315088 | |
| 650 | 0 | |a Comportamiento social |9 334200 | |
| 650 | 7 | |a PODER SOCIAL |2 CL-VaPUC |9 376134 | |
| 650 | 7 | |a LEGITIMACION |2 CL-VaPUC |9 256327 | |
| 651 | 0 | |a Estados Unidos |9 255178 | |
| 651 | 0 | |a Alemania |9 255688 | |
| 651 | 0 | |a Japón |9 260391 | |
| 583 | |a last modification |c 20040820 00:00:00 |k Rodrigo Vera | ||
| 999 | |c 310417 |d 310415 | ||
| 952 | |0 0 |1 0 |4 0 |6 305_000000000000000_KER_2003 |7 0 |8 A |9 378807 |a BIBGIM |b BIBGIM |d 2019-11-21 |i 4048970 |o 305 KER 2003 |p 4048970 |r 2025-01-15 |w 2019-11-21 |y BK |k SSL | ||